[Event "Mataro Vinas Memorial 12th"]
[Site "Mataro"]
[Date "2016.04.16"]
[Round "2"]
[White "Font Purroy, Vicenc"]
[Black "Minguell Soler, Joan"]
[Result "0-1"]
[WhiteElo "2078"]
[BlackElo "1885"]
[PlyCount "84"]
[EventDate "2016.04.09"]
[EventType "swiss"]
[EventRounds "9"]
[EventCountry "ESP"]
[SourceTitle "EXT 2017"]
[Source "ChessBase"]
[SourceDate "2016.10.25"]
[SourceVersion "1"]
[SourceVersionDate "2016.10.25"]
[SourceQuality "1"]

1. d4 Nf6 2. Bf4 g6 3. Nf3 Bg7 4. e3 0-0 5. Be2 d6 6. h3 Nbd7 7. 0-0 c5 8. c3 a6 9. a4 Re8 10. Bh2 b6 11. Nbd2 Bb7 12. Qb3 Qc7 13. Rfe1 Rad8 14. Bc4 e6 15. Bf1 Bd5 16. Qc2 Nb8 17. e4 Bb7 18. dxc5 Qxc5 19. b4 Qc7 20. Rac1 e5 21. Bg3 Rc8 22. Nc4 Nh5 23. Qd3 Nxg3 24. fxg3 Rcd8 25. Rcd1 Bf8 26. Qe3 Nd7 27. Rd2 Nf6 28. Qxb6 Qxb6+ 29. Nxb6 Nxe4 30. Rxe4 Bxe4 31. Bxa6 Bh6 32. Re2 f5 33. a5 d5 34. Bb5 Re7 35. a6 d4 36. cxd4 exd4 37. Bc4+ Kf8 38. Ra2 d3 39. Kh2 Be3 40. Nd5 Bxd5 41. Bxd5 Rxd5 42. Nd2 Bxd2 0-1

[Event "Roncana op-A 9th"]
[Site "Santa Eulalia de Roncana"]
[Date "2015.11.21"]
[Round "7"]
[White "Font Purroy, Vicenc"]
[Black "Cordomi Fons, Francesco"]
[Result "1-0"]
[WhiteElo "2227"]
[BlackElo "2084"]
[PlyCount "69"]
[EventDate "2015.10.03"]
[EventType "swiss"]
[EventRounds "8"]
[EventCountry "ESP"]
[SourceTitle "EXT 2017"]
[Source "ChessBase"]
[SourceDate "2016.10.25"]
[SourceVersion "1"]
[SourceVersionDate "2016.10.25"]
[SourceQuality "1"]

1. c4 e5 2. g3 d6 3. Bg2 g6 4. Nc3 Bg7 5. d3 Nf6 6. Nf3 c6 7. 0-0 0-0 8. Rb1 Nbd7 9. b4 Re8 10. Qc2 Nf8 11. b5 Bf5 12. Nh4 Bd7 13. bxc6 Bxc6 14. Nd5 Ne6 15. Ba3 Rc8 16. Qd2 Nd4 17. e3 Ne6 18. Nxf6+ Bxf6 19. Bxc6 bxc6 20. Nf3 Qc7 21. Rb3 Rb8 22. Rfb1 Kg7 23. Qc2 c5 24. h4 h5 25. Bc1 Rec8 26. Bd2 Nd8 27. Ba5 Rxb3 28. Bxc7 Rxb1+ 29. Qxb1 Rxc7 30. Qb8 Rd7 31. Nd2 Be7 32. Ne4 f5 33. Nc3 Rb7 34. Qc8 Kf7 35. Nd5 1-0

[Event "Sant Adria de Besos op 09th"]
[Site "Sant Adria de Besos"]
[Date "2013.05.05"]
[Round "4"]
[White "Gurri Mancera, Ferran"]
[Black "Font Purroy, Vicenc"]
[Result "1-0"]
[WhiteElo "2031"]
[BlackElo "2128"]
[PlyCount "29"]
[EventDate "2013.04.14"]
[EventType "swiss"]
[EventRounds "9"]
[EventCountry "ESP"]
[SourceTitle "EXT 2015"]
[Source "ChessBase"]
[SourceDate "2014.11.20"]
[SourceVersion "1"]
[SourceVersionDate "2014.11.20"]
[SourceQuality "1"]

1. d4 d6 2. c4 e5 3. e3 Nd7 4. Ne2 g6 5. g3 Bg7 6. Bg2 Qe7 7. 0-0 Ngf6 8. Nbc3 c6 9. b3 0-0 10. Ba3 e4 11. Qc2 Re8 12. g4 Nxg4 13. Qxe4 Qh4 14. Qxe8+ Nf8 15. Bxd6 1-0

[Event "Vall del Tenes op 2nd"]
[Site "Vall del Tenes"]
[Date "2013.05.03"]
[Round "4"]
[White "Font Purroy, Vicenc"]
[Black "Molano Lafuente, Ismael"]
[Result "1/2-1/2"]
[WhiteElo "2128"]
[BlackElo "1994"]
[PlyCount "54"]
[EventDate "2013.04.05"]
[EventType "swiss"]
[EventRounds "8"]
[EventCountry "ESP"]
[SourceTitle "EXT 2014"]
[Source "ChessBase"]
[SourceDate "2013.11.20"]
[SourceVersion "1"]
[SourceVersionDate "2013.11.20"]
[SourceQuality "1"]

1. g3 e5 2. Bg2 Nc6 3. c4 g5 4. Nc3 Bg7 5. d3 h6 6. e4 d6 7. Nge2 Nge7 8. a3 Ng6 9. Nd5 Nce7 10. Nec3 c6 11. Ne3 Be6 12. Bd2 Qd7 13. Bf3 0-0-0 14. b4 Rhf8 15. b5 Kb8 16. bxc6 bxc6 17. Qa4 Ka8 18. Nf5 Rg8 19. Rb1 Rc8 20. Nxe7 Nxe7 21. 0-0 Rb8 22. Be3 Rxb1 23. Rxb1 Rb8 24. Rxb8+ Kxb8 25. Qa6 Qb7 26. Qa4 Nc8 27. Qb4 Bf8 1/2-1/2

[Event "Vall del Tenes op 2nd"]
[Site "Vall del Tenes"]
[Date "2013.04.19"]
[Round "3"]
[White "Benet Saniger, Xavier"]
[Black "Font Purroy, Vicenc"]
[Result "0-1"]
[WhiteElo "1801"]
[BlackElo "2128"]
[PlyCount "196"]
[EventDate "2013.04.05"]
[EventType "swiss"]
[EventRounds "8"]
[EventCountry "ESP"]
[SourceTitle "EXT 2014"]
[Source "ChessBase"]
[SourceDate "2013.11.20"]
[SourceVersion "1"]
[SourceVersionDate "2013.11.20"]
[SourceQuality "1"]

1. d4 Nf6 2. c4 g6 3. Nc3 Bg7 4. e4 d6 5. Nf3 c6 6. Be2 0-0 7. 0-0 e5 8. dxe5 dxe5 9. Bg5 h6 10. Be3 Nbd7 11. Qd2 Kh7 12. Rfd1 Qe8 13. Ne1 Ng8 14. Nd3 f5 15. exf5 gxf5 16. f4 Ngf6 17. fxe5 Nxe5 18. Nxe5 Qxe5 19. Qd4 Qe8 20. Qf4 Ng4 21. Bd4 Bxd4+ 22. Rxd4 Qe3+ 23. Qxe3 Nxe3 24. Rd6 Kg7 25. Nd1 f4 26. Nxe3 fxe3 27. Bf3 Bf5 28. Re1 Rfe8 29. g4 Be6 30. Rxe3 Bxc4 31. Rd7+ Kf6 32. Rxe8 Rxe8 33. Kf2 Ba6 34. h4 Re5 35. Rd6+ Re6 36. Rxe6+ Kxe6 37. Ke3 Ke5 38. Be4 Bc4 39. a3 Be6 40. g5 hxg5 41. hxg5 Bf5 42. Bxf5 Kxf5 43. Kd4 b6 44. g6 Kxg6 45. Ke5 Kf7 46. Kd6 c5 47. Kc6 Ke6 48. a4 c4 49. Kb7 Kd7 50. Kxa7 Kc6 51. Ka6 Kc5 52. a5 b5 53. Kb7 b4 54. a6 c3 55. a7 cxb2 56. a8Q b1Q 57. Qa5+ Kc4 58. Qc7+ Kb3 59. Qg3+ Ka4 60. Qh4 Qd3 61. Ka8 Ka3 62. Qe7 Qa6+ 63. Kb8 Qb5+ 64. Ka8 Ka2 65. Qa7+ Kb3 66. Qe3+ Ka4 67. Qd4 Qc6+ 68. Kb8 Qc3 69. Qa7+ Kb3 70. Qf7+ Kb2 71. Qf2+ Kb1 72. Qf1+ Qc1 73. Qf5+ Qc2 74. Qf1+ Kb2 75. Qf6+ Qc3 76. Qf2+ Ka3 77. Qa7+ Kb3 78. Qf7+ Qc4 79. Qf3+ Ka4 80. Qa8+ Kb5 81. Qb7+ Kc5 82. Qc7+ Kd5 83. Qb7+ Kd6 84. Qb6+ Kd7 85. Qb7+ Ke8 86. Ka8 b3 87. Qb8+ Kd7 88. Qb7+ Kd6 89. Qb8+ Kc5 90. Qa7+ Kb4 91. Qb6+ Ka3 92. Qd6+ Qb4 93. Qd3 Ka2 94. Qd5 Qc3 95. Qe6 Kb1 96. Qb6 b2 97. Qg1+ Ka2 98. Qg8+ Ka1 0-1

[Event "Maresme op 9th"]
[Site "Maresme"]
[Date "2012.10.13"]
[Round "3"]
[White "Font Purroy, Vicenc"]
[Black "Maynat Anglas, Josep"]
[Result "1-0"]
[WhiteElo "2226"]
[BlackElo "1833"]
[PlyCount "101"]
[EventDate "2012.09.29"]
[EventType "swiss"]
[EventRounds "9"]
[EventCountry "ESP"]
[SourceTitle "EXT 2014"]
[Source "ChessBase"]
[SourceDate "2013.11.20"]
[SourceVersion "1"]
[SourceVersionDate "2013.11.20"]
[SourceQuality "1"]

1. c4 Nf6 2. g3 g6 3. Bg2 c6 4. e4 d6 5. d4 Bg7 6. Ne2 0-0 7. 0-0 e5 8. dxe5 dxe5 9. Qc2 Be6 10. Rd1 Qc7 11. b3 Na6 12. Ba3 Rfd8 13. Nbc3 Rxd1+ 14. Rxd1 Rd8 15. c5 Rxd1+ 16. Qxd1 Qd7 17. Qxd7 Nxd7 18. b4 Bh6 19. f4 f6 20. Kf2 Bc4 21. Bh3 Nab8 22. Bc1 Kf7 23. Be3 Ke7 24. a3 Bg7 25. Bf1 h6 26. f5 g5 27. Nc1 Bxf1 28. Kxf1 Na6 29. Nb3 Kd8 30. Ke2 Nc7 31. Na5 Kc8 32. Nc4 Ne8 33. h4 Bf8 34. Kf3 Kc7 35. Na4 Kb8 36. Kg4 Ng7 37. hxg5 fxg5 38. Kf3 Ne8 39. Nab2 Nef6 40. g4 Ne8 41. Nd3 Bg7 42. Bc1 b6 43. cxb6 axb6 44. Bb2 Kb7 45. Ncxe5 Nxe5+ 46. Bxe5 c5 47. Bxg7 Nxg7 48. bxc5 b5 49. Nb4 h5 50. gxh5 Nxh5 51. e5 1-0